The forest was not on fire

Bibliographic Details
Format: Book
Published: Selangor : Early Learner Publications
Series:Moral values series
Subjects:

MARC

LEADER 00000cam a2200000 7i4500
001 0000006259
005 20220105104020.0
008 070815
020 |a 9833324614 
090 0 0 |a JP   |b MOR ENG (7193) 
245 0 4 |a The forest was not on fire 
260 |a Selangor :   |b Early Learner Publications 
440 |a Moral values series 
500 |a Children age 4-6 years old (yellow) 
650 0 |a Junior preschool   |x English   |x Languages 
650 0 |a Moral 
999 |a 0000983109   |b Book   |c Children Collection   |e Cawangan Pontian 
999 |a 0000983116   |b Book   |c Children Collection   |e Cawangan Tmn. Ungku Tun Aminah 
999 |a 0000983117   |b Book   |c Children Collection   |e Cawangan Tmn. Ungku Tun Aminah 
999 |a 0000983118   |b Book   |c Children Collection   |e Cawangan Mersing 
999 |a 0000983119   |b Book   |c Children Collection   |e Perbadanan Perpustakaan Awam Johor 
999 |a 0000983120   |b Book   |c Children Collection   |e Perbadanan Perpustakaan Awam Johor